Nigerian journal of sociology of education (Record no. 38562)

MARC details
000 -LEADER
fixed length control field 00452nam a2200169Ia 4500
022 ## - INTERNATIONAL STANDARD SERIAL NUMBER
ISSN 11181784
050 ## - CALL MARK
Classification number HM 711 .N54/
245 #0 - TITLE STATEMENT
Title Nigerian journal of sociology of education
260 ## - PUBLICATION, DISTRIBUTION, ETC. (IMPRINT)
Place of publication Lagos, Nigeria
260 ## - PUBLICATION, DISTRIBUTION, ETC. (IMPRINT)
Name of publisher OG kreatives publishing house
260 ## - PUBLICATION, DISTRIBUTION, ETC. (IMPRINT)
Year of publication 2017
300 ## - PHYSICAL DESCRIPTION
Number of Pages x, 323 p. :ill. ; 30 cm.
650 ## - SUBJECT ADDED ENTRY--TOPICAL TERM
Topical Term Organizational sociology.
942 ## - ADDED ENTRY ELEMENTS (KOHA)
Koha item type Serials

No items available.